Werner Heisenberg in selbstzeugnissen und bilddokumenten.
I tiakina i:
| Kaituhi matua: | |
|---|---|
| Hōputu: | Pukapuka |
| I whakaputaina: |
Reinbek bei Hamburg, Deutschland:
Rowohlt,
1976.
|
| Rangatū: | 1976.
|
| Ngā marau: | |
| Ngā Tūtohu: |
Tāpirihia he Tūtohu
Kāore He Tūtohu, Me noho koe te mea tuatahi ki te tūtohu i tēnei pūkete!
|
MARC
| LEADER | 00000nam a22000007a 4500 | ||
|---|---|---|---|
| 003 | CL-VaPUC | ||
| 005 | 20220822114836.0 | ||
| 008 | 220808t1976 ||||| |||| 00| 0 eng d | ||
| 999 | |c 438115 |d 438113 | ||
| 020 | |a 3-499-50240-2 | ||
| 040 | |c Pontificia Universidad Católica de Valparaíso | ||
| 082 | 7 | |a 530.0924 HER 1976 |2 22 | |
| 100 | 1 | |a Hermann, Armin |e author |9 875104 | |
| 245 | |a Werner Heisenberg in selbstzeugnissen und bilddokumenten. | ||
| 260 | |a Reinbek bei Hamburg, Deutschland: |b Rowohlt, |c 1976. | ||
| 300 | |a 152 páginas. | ||
| 490 | |a 1976. |n 240. | ||
| 500 | |a c.1 Donación Familia Prof. Alejandro Guzmán Brito. | ||
| 583 | |c 20220808 |k Cristina María Rojas Aguilar | ||
| 600 | 0 | |a Heisenberg, Werner, |9 497523 |d 1901-1976 | |
| 650 | |a Físicos |z Alemania |y Siglo 20 |x Biografías |9 875105 | ||
| 942 | |2 ddc |c BK |n 0 | ||
| 952 | |0 0 |1 0 |2 ddc |4 0 |6 530_092400000000000_HER_1976 |7 1 |8 C_AGB |9 585997 |a BIBDER |b BIBDER |d 2022-08-08 |e Donación |i 5653988 |o 530.0924 HER 1976 |p 5653988 |r 2023-01-25 |t 1 |w 2022-08-08 |y BK_US |k AGB | ||